00645nam a2200217Ia 4500008004100000020001800041050001400059100002100073245002700094245005500121250001900176260001200195260001700207260000900224300001600233300002000249300001000269300002200279999001900301952010700320170918s9999 xx 000 0 und d a9788179044360 bD548 2008 aDickens, Charles 2aA tale of two cities / cby Charles Dickens ; retold by M.K. Parthasarathy. aFirst edition. aIndia : bApple Books, c2008 a138 pages : billustrations ; c17cm. eScholarly series. c344325d344325 001040aSSISMbSSISMd2017-09-18l0oGS FIC D548 2008pSSISM3397r2017-09-18 00:00:00w2017-09-18yBK